লোডিং...
Encyclopaedia of education laws 1996 -2002 :
| প্রধান লেখক: | |
|---|---|
| বিন্যাস: | Printed Book |
| ভাষা: | Undetermined English |
| প্রকাশিত: |
Chandigarh
competition Affairs
2002
|
| বিষয়গুলি: |
| LEADER | 00649nam a2200193Ia 4500 | ||
|---|---|---|---|
| 008 | 140306s9999 xx 000 0 und d | ||
| 041 | |a eng | ||
| 082 | |a 344 .07 |b JAG/EN | ||
| 100 | |a Jagjit Singh Chawla | ||
| 245 | |a Encyclopaedia of education laws 1996 -2002 : | ||
| 260 | |a Chandigarh |b competition Affairs |c 2002 | ||
| 300 | |a 486 | ||
| 365 | |b Rs .440 | ||
| 650 | |a agricultural university | ||
| 650 | |a Professional education | ||
| 650 | |a technical education | ||
| 942 | |2 ddc |c BK | ||
| 999 | |c 179606 |d 179606 | ||
| 952 | |0 0 |1 0 |2 ddc |4 0 |6 344_000000000000000__07_JAG_EN |7 0 |9 184747 |a KAUCBV |b KAUCBV |d 2004-04-02 |g 440.00 |o 344 .07 JAG/EN |r 2014-03-22 |w 2014-03-22 |y BK | ||